Formulating and elaborating a model for the measurement of intellectual capital in Spanish public universities (Record no. 114276)

000 -LEADER
fixed length control field 01276pab a2200205 454500
008 - FIXED-LENGTH DATA ELEMENTS--GENERAL INFORMATION
fixed length control field 180718b2017 xxu||||| |||| 00| 0 eng d
100 ## - MAIN ENTRY--PERSONAL NAME
Personal name Ramirez, Yolanda
245 ## - TITLE STATEMENT
Title Formulating and elaborating a model for the measurement of intellectual capital in Spanish public universities
260 ## - PUBLICATION, DISTRIBUTION, ETC.
Date of publication, distribution, etc. 2017
300 ## - PHYSICAL DESCRIPTION
Extent p.149-176.
362 ## - DATES OF PUBLICATION AND/OR SEQUENTIAL DESIGNATION
Dates of publication and/or sequential designation Mar
520 ## - SUMMARY, ETC.
Summary, etc. Intellectual capital approaches become critical at universities mainly due to the fact that knowledge is the main output as well as input in these institutions. Although some attempts to measure intellectual capital have been made so far, there is still a long way to go. The purpose of the present article is to provide a model for the measurement of intellectual capital in higher education institutions. The results of a study done at Spanish public universities are used to indicate which intangible elements need to be measured, and a new framework for the measurement and management of intellectual capital is presented. - Reproduced.
650 ## - SUBJECT ADDED ENTRY--TOPICAL TERM
Topical term or geographic name entry element Intellectual property - Spain
650 ## - SUBJECT ADDED ENTRY--TOPICAL TERM
Topical term or geographic name entry element Universities - Spain
650 ## - SUBJECT ADDED ENTRY--TOPICAL TERM
Topical term or geographic name entry element Universities
700 ## - ADDED ENTRY--PERSONAL NAME
Personal name Priego, Alba Maria
700 ## - ADDED ENTRY--PERSONAL NAME
Personal name Manzaneque, Montserrat
773 ## - HOST ITEM ENTRY
Main entry heading International Review of Administrative Sciences
909 ## -
-- 114282
Holdings
Withdrawn status Lost status Damaged status Not for loan Permanent Location Current Location Date acquired Serial Enumeration / chronology Barcode Date last seen Price effective from Koha item type
        Indian Institute of Public Administration Indian Institute of Public Administration 2018-07-19 Volume no: 83, Issue no: 1 AR114742 2018-07-19 2018-07-19 Articles

Powered by Koha